Discrete signals and inverse problems: an introduction for engineers and scientists (Record no. 8589)
[ view plain ]
| 000 -LEADER | |
|---|---|
| fixed length control field | 00477 a2200133 4500 |
| 020 ## - INTERNATIONAL STANDARD BOOK NUMBER | |
| International Standard Book Number | 047002187X |
| 040 ## - CATALOGING SOURCE | |
| Original cataloging agency | DLC |
| Language of cataloging | DLC |
| 100 1# - MAIN ENTRY--PERSONAL NAME | |
| Personal name | Santamarina, J. Carlos |
| 245 10 - TITLE STATEMENT | |
| Title | Discrete signals and inverse problems: an introduction for engineers and scientists |
| Remainder of title | an introduction for engineers and scientists |
| Statement of responsibility, etc. | J. Carlos Santamarina, Dante Fratta |
| 260 ## - PUBLICATION, DISTRIBUTION, ETC. | |
| Place of publication, distribution, etc. | Chichester: |
| Name of publisher, distributor, etc. | Wiley, |
| Date of publication, distribution, etc. | cop. 2005 |
| 300 ## - PHYSICAL DESCRIPTION | |
| Extent | xii, 350 s.: |
| Other physical details | ill. |
| 700 1# - ADDED ENTRY--PERSONAL NAME | |
| Personal name | Fratta, Dante |
| 942 ## - ADDED ENTRY ELEMENTS (KOHA) | |
| Koha item type | Book |
| Call number prefix | 621.3822 SAN |
| Source of classification or shelving scheme | |
| Withdrawn status | Lost status | Damaged status | Not for loan | Collection code | Permanent Location | Current Location | Shelving location | Date acquired | Source of acquisition | Cost, normal purchase price | Total Checkouts | Full call number | Barcode | Date last seen | Price effective from | Koha item type |
|---|---|---|---|---|---|---|---|---|---|---|---|---|---|---|---|---|
| Central Library (CL) | Central Library (CL) | General Stacks | 09/06/2005 | A & J Def Tek Concultants | 7577.51 | 621.3822 SAN | SEECS006402 | 11/14/2012 | 01/05/2017 | Book |
